| 000 | 00732nam a2200205Ia 4500 | ||
|---|---|---|---|
| 003 | GCL | ||
| 008 | 140319s9999 xx 000 0 ara d | ||
| 020 | _a2164810977 | ||
| 040 |
_aGCL / _cGCL |
||
| 082 | 0 | 4 |
_a153.42 _bم ا |
| 100 | 1 | _aمجدى عبدالكريم حبيب | |
| 245 | 1 | 0 |
_aاتجاهات حديثة فى تعليم التفكير : _bاستراتيجيات مستقبلية للالفية الجديدة / _cمجدى عبدالكريم حبيب |
| 260 |
_aالقاهرة : _bدار الفكر العربى ، _c2003 |
||
| 300 |
_a299 ص ؛ _c24 سم |
||
| 650 | 0 | 4 | _aالتعليم |
| 650 | 0 | 4 | _aالادراك |
| 650 | 0 | 4 | _aالابداع |
| 650 | 0 | 4 | _aالتفكير - ( علم النفس ) |
| 942 |
_2ddc _cBK |
||
| 999 |
_c6308 _d6308 |
||